000 00637nam a2200181Ia 4500
003 GCL
008 140319s9999 xx 000 0 ara d
040 _aGCL /
_cGCL
082 0 4 _a658.5
_bم ب
100 1 _aمحمد توفيق راضى
245 1 0 _aالبرمجة الخطية التوزيع الامثل للموارد المحدودة /
_cمحمد توفيق راضى
260 _a[S.N] :
_bالمكتب العربى الحديث ،
_c1992
300 _a150 ص
490 _aسلسلة الاساليب المكتبية للجميع
_v0
650 0 4 _aالبرمجة
650 0 4 _aالبرمجة الخطية
942 _2ddc
_cBK
999 _c47288
_d47288